| 000 | 00743pam a2200217 a 4500 | ||
|---|---|---|---|
| 020 | _a0471890456 : | ||
| 082 | 0 | 0 |
_a519.5 _bHOE _cL-38, P-10 |
| 100 | 1 |
_aHoel, Paul Gerhard, _946282 |
|
| 245 | 1 | 0 |
_aIntroduction to mathematical statistics / _cPaul G. Hoel. |
| 250 | _a5th ed. | ||
| 260 |
_aNew York : _bWiley, _cc1984. |
||
| 300 |
_ax, 435 p. : _bill. ; _c24 cm. |
||
| 490 | 1 | _aWiley series in probability and mathematical statistics | |
| 500 | _aIncludes index. | ||
| 526 |
_a0 _b0 _c0 _d519_500000000000000_HOE |
||
| 650 | 0 |
_aMathematical statistics. _961 |
|
| 650 | 0 |
_aMCE _9379 |
|
| 856 | 4 | 1 | _uhttp://www.loc.gov/catdir/toc/onix01/83019818.html |
| 856 | 4 | 2 | _uhttp://www.loc.gov/catdir/description/wiley031/83019818.html |
| 942 |
_2ddc _cBK |
||
| 999 |
_c549652 _d549652 |
||